Principios de hacienda pública / (Record no. 172445)

MARC details
000 -LEADER
campo de control de longitud fija 00665nam a2200205 i 4500
001 - NÚMERO DE CONTROL
campo de control 172445
003 - IDENTIFICADOR DE NÚMERO DE CONTROL
campo de control ES-MaACL
005 - FECHA Y HORA DE LA ÚLTIMA TRANSACCIÓN
campo de control 20250826051219.0
008 - DATOS DE LONGITUD FIJA--INFORMACIÓN GENERAL
campo de control de longitud fija 090707s1967 sp |||| | spa d
017 ## - NÚMERO DE COPYRIGHT O DE DEPÓSITO LEGAL
Número de copyright o de depósito legal M 18443-1967
080 ## - NÚMERO DE LA CLASIFICACIÓN DECIMAL UNIVERSAL
Número de la Clasificación Decimal Universal 336(07)
100 0# - ENTRADA PRINCIPAL--NOMBRE DE PERSONA
Nombre de persona Franco, Gabriel.
9 (RLIN) 52223
245 10 - MENCIÓN DEL TÍTULO
Título Principios de hacienda pública /
Mención de responsabilidad, etc. Gabriel Franco ; prólogo por José Mª Naharro Mora.
260 ## - PUBLICACIÓN, DISTRIBUCIÓN, ETC.
Lugar de publicación, distribución, etc. Madrid :
Nombre del editor, distribuidor, etc. Editorial de Derecho Financiero,
Fecha de publicación, distribución, etc. [1967]
300 ## - DESCRIPCIÓN FÍSICA
Extensión XX, 556 p. :
Otras características físicas ;
Dimensiones 25 cm.
650 #7 - PUNTO DE ACCESO ADICIONAL DE MATERIA--TÉRMINO DE MATERIA
Término de materia o nombre geográfico como elemento de entrada Hacienda pública
Fuente del encabezamiento o término embne
9 (RLIN) 13279
700 0# - ENTRADA AGREGADA--NOMBRE PERSONAL
Nombre de persona Naharro Mora, José María.
9 (RLIN) 84861
852 ## - LOCALIZACIÓN
Ubicación ES-MaACL
Número de control de estantería E-12760
itemnumber R.143568
Holdings
Estatus retirado Estado de pérdida Estado de daño No para préstamo Biblioteca de origen Biblioteca actual Ubicación en estantería Fecha de adquisición Fuente de adquisición Total de préstamos Signatura topográfica completa Código de barras Visto por última vez Precio de reemplazo Tipo de ítem Koha
        Biblioteca del Ateneo de Madrid Biblioteca del Ateneo de Madrid Depósito 2 07/07/2009     E-12760 1180968 23/02/2023 23/02/2023 Libro impreso